000 00354nam a2200157Ia 4500
003 Ost
005 20260225132601.0
008 260225s9999||||xx |||||||||||||| ||und||
040 _cfsic
041 _afre
082 _a70.44
100 _adanièle thouveny
_eAuteur
245 0 _adroit de la presse /
245 0 _cdanièle thouveny
942 _cكتاب
999 _c34763
_d34763